| 000 | 00403nam a22001697a 4500 | ||
|---|---|---|---|
| 003 | MPLRDC | ||
| 005 | 20220104180111.0 | ||
| 008 | 210129b ||||| |||| 00| 0 eng d | ||
| 020 | _a967-951-026-3 | ||
| 082 | _a524.947 PPSB 1984 | ||
| 100 | _a不详 | ||
| 245 |
_aMATEMATIK MODEN SPM _c |
||
| 260 |
_a _bPENERBITAN PELANGI S/B _c1984 |
||
| 300 | _b平 | ||
| 650 | _a | ||
| 942 |
_cBK _o524.947 PPSB 1984 |
||
| 999 |
_c60747 _d60737 |
||